Sports Quiz

Random Sports or Baseball Quiz

MLB HOF Not Voted In By The BBWAA *(Clickable) Quiz Stats

 Plays Quiz not verified by Sporcle

Support Sporcle.
Go Orange.
Score 0/134 Timer 20:00
0 Plays Today
% Correct
???
50%
???
50%
???
50%
???
47.1%
???
47.1%
???
44.1%
???
44.1%
???
44.1%
???
44.1%
???
41.2%
???
41.2%
???
41.2%
???
38.2%
???
38.2%
???
38.2%
???
38.2%
???
38.2%
???
38.2%
???
38.2%
???
38.2%
???
35.3%
???
35.3%
???
35.3%
???
35.3%
???
35.3%
???
35.3%
???
35.3%
???
35.3%
???
35.3%
???
35.3%
???
35.3%
???
35.3%
???
32.4%
???
32.4%
???
32.4%
???
32.4%
???
32.4%
???
32.4%
???
32.4%
???
32.4%
???
32.4%
???
32.4%
???
32.4%
???
32.4%
???
32.4%
% Correct
???
32.4%
???
32.4%
???
32.4%
???
29.4%
???
29.4%
???
29.4%
???
29.4%
???
29.4%
???
29.4%
???
29.4%
???
29.4%
???
26.5%
???
26.5%
???
26.5%
???
26.5%
???
26.5%
???
26.5%
???
26.5%
???
26.5%
???
26.5%
???
26.5%
???
26.5%
???
26.5%
???
26.5%
???
26.5%
???
26.5%
???
26.5%
???
26.5%
???
26.5%
???
26.5%
???
25%
???
23.5%
???
23.5%
???
23.5%
???
23.5%
???
23.5%
???
23.5%
???
23.5%
???
23.5%
???
23.5%
???
23.5%
???
23.5%
???
23.5%
???
23.5%
???
23.5%
% Correct
???
23.5%
???
20.6%
???
20.6%
???
20.6%
???
20.6%
???
20.6%
???
20.6%
???
20.6%
???
20.6%
???
20.6%
???
20.6%
???
20.6%
???
20.6%
???
17.6%
???
17.6%
???
17.6%
???
17.6%
???
17.6%
???
17.6%
???
17.6%
???
17.6%
???
17.6%
???
14.7%
???
14.7%
???
14.7%
???
14.7%
???
14.7%
???
14.7%
???
14.7%
???
11.8%
???
11.8%
???
11.8%
???
11.8%
???
8.8%
???
8.8%
???
8.8%
???
8.8%
???
8.8%
???
8.8%
???
8.8%
???
5.9%
???
5.9%
???
5.9%
???
5.9%

You're not logged in!

Compare scores with friends on all Sporcle quizzes.
OR
Log In

From the Vault

Batman Character Blitz

by Thebiguglyalien

At least one of them says "I'm Batman."
Remove Ads.
Support Sporcle.
Get the best of Sporcle when you Go Orange. This ad-free experience offers more features, more stats, and more fun while also helping to support Sporcle. Thank you for becoming a member.

Show Comments

Extras

Top Quizzes Today


Score Distribution

Your Account Isn't Verified!

In order to create a playlist on Sporcle, you need to verify the email address you used during registration. Go to your Sporcle Settings to finish the process.

Report this User

Report this user for behavior that violates our Community Guidelines.

Details: